Sports Quiz

Random Sports Quiz

Quiz - Entraineurs Nantes depuis 2007 Stats

 Plays Quiz not verified by Sporcle

Score 0/16 Timer 05:00
0 Plays Today
Année Entraineur % Correct
2007 - août 2008Michel Der Zakarian
75.8%
juin 2012 - mai 2016Michel Der Zakarian
75.8%
août 2019 - aujourd'huiChristian Gourcuff
72.4%
octobre 2018 - août 2019Vahid Halilhodžić
70.7%
juin 2017 - mai 2018Claudio Ranieri
70.6%
décembre 2016 - juin 2017Sergio Conceição
56.9%
mai 2016 - décembre 2016René Girard
46.8%
septembre 2008 - juin 2009Elie Baup
38.1%
Année Entraineur % Correct
juin 2018 - octobre 2018Miguel Cardoso
37.8%
juin 2009 - décembre 2009Gernot Rohr
33.1%
décembre 2009 - février 2010Jean-Marc Furlan
22.6%
juin 2011 - mai 2012Landry Chauvin
18.6%
février 2010 - mars 2011Baptiste Gentili
12.9%
mars 2011 - mai 2011Philippe Anziani
11.9%
décembre 2016 Philippe Mao
11.5%
août 2008 - septembre 2008Christian Larièpe
9.6%

You're not logged in!

Compare scores with friends on all Sporcle quizzes.
OR
Log In

Show Comments

Extras

Created Aug 8, 2019ReportNominate
Tags:2007, les, pay

Top Quizzes Today


Score Distribution

Your Account Isn't Verified!

In order to create a playlist on Sporcle, you need to verify the email address you used during registration. Go to your Sporcle Settings to finish the process.

Report this User

Report this user for behavior that violates our Community Guidelines.

Details: